LDR 01433naa#a2200265#i#450# 001 RU\\bibl\117764 005 20260630033926.2 011 ## _a2077-7566 100 ## _a20260629b2026####ek#y0rusy0150####ca 101 0# _aRUS 102 ## _aRU 200 1# _aИСПОЛЬЗОВАНИЕ СПЛИНТ-ТЕРАПИИ ПРИ НАРУШЕНИЯХ ФУНКЦИЙ ВИСОЧНО-НИЖНЕЧЕЛЮСТНОГО СУСТАВА И БРУКСИЗМЕ. СРАВНЕНИЕ КЛИНИЧЕСКИХ РЕКОМЕНДАЦИЙ В РОССИИ И ВЕЛИКОБРИТАНИИ _eЖурнальная статья 210 1# _aЕкатеринбург _cИздательский Дом «ТИРАЖ» _d2026 215 ## _a5 с. 608 ## _aЖурнальная статья _2local 675 ## _aСтоматология. Заболевания ротовой полости и зубов. 616.31 _zRUS 700 #1 _aНовосельцева _gВероника Максимовна 700 #1 _aВагнер _gВладимир Давыдович 700 #1 _aЖурина _gАрина Андреевна 700 #1 _aМальгинов _gНиколай Николаевич 700 #1 _aМурашов _gМихаил Александрович 700 #1 _aНерсесов _gГригорий Саркисович 700 #1 _aПлатонова _gМария Сергеевна 700 #1 _aСтепанова _gСветлана Юрьевна 856 4# _adental-press.ru _u